| 000 | 01413cam a22003735a 4500 | ||
|---|---|---|---|
| 001 | 016710325 | ||
| 003 | OSt | ||
| 005 | 20160830110454.0 | ||
| 008 | 140507t2014 enka frbd 001 0 eng d | ||
| 020 | _a9781292009209 (paperback) | ||
| 020 | _a1292009209 (paperback) | ||
| 040 |
_aUk _beng _cUk _dEG-ScBUE |
||
| 082 | 0 | 4 |
_a658.4038011 _bSHA _222 |
| 100 | 1 |
_aSharda, Ramesh. _930125 |
|
| 245 | 1 | 0 |
_aBusiness intelligence and analytics : _bsystems for decision support / _cRamesh Sharda, Dursun Delen, Efraim Turban ; with contribution by J. E. Aronson, Ting-Peng Liang, David King. |
| 250 | _a10th ed., Global ed. | ||
| 260 |
_aHarlow : _bPearson Education Limited, _cc.2014. |
||
| 300 |
_a686 p. : _bill. ; _c26 cm. |
||
| 500 | _aIndex : p. 678-686. | ||
| 500 | _aGlossary : p. 664-677. | ||
| 504 | _aincludes bibliographical references. | ||
| 650 | 7 |
_aBusiness intelligence. _2BUEsh _93881 |
|
| 650 | 7 |
_aManagement _94282 _xData processing. _2BUEsh |
|
| 650 | 7 |
_aDecision support systems. _94283 _2BUEsh |
|
| 650 | 7 |
_aExpert systems (Computer science) _2BUEsh _94240 |
|
| 651 | _2BUEsh | ||
| 653 |
_bBUSADM _cJune2015 _cAugust2015 _cOctober2015 _cDecember2015 _cAugust 2016 _cJanuary2016 |
||
| 700 | 1 |
_aDelen, Dursun. _930126 |
|
| 700 | 1 | _aTurban, Efraim. | |
| 700 | 1 |
_aAronson, J. E., _econtributor. |
|
| 700 | 1 |
_aLiang, Ting-Peng, _econtributor. |
|
| 700 | 1 |
_aKing, David, _econtributor. |
|
| 942 | _2ddc | ||
| 999 |
_c19941 _d19913 |
||